சைவக் கிரியை விளக்கம்/

Saved in:
Bibliographic Details
Main Author: சிவபாதசுந்தரம்,க
Format: Book
Language:English
Tamil
Published: சென்னை: ஆலய வெளியீட்டகம், 2018.
Subjects:
Tags: Add Tag
No Tags, Be the first to tag this record!

MARC

LEADER 00000nam a22000007a 4500
005 20260409145024.0
008 260409b |||||||| |||| 00| 0 eng d
020 |a 9789550881246 
041 |a tam 
082 |a 294.53  |b சிவபா 
100 |a சிவபாதசுந்தரம்,க  |9 117113 
245 |a சைவக் கிரியை விளக்கம்/  |c க.சிவபாதசுந்தரம் 
260 |a சென்னை:  |b ஆலய வெளியீட்டகம்,  |c 2018. 
300 |a viii;63பக்  |b ill;  |c 21.5cm 
500 |a Purchase 
650 |a கிரியை முறைகள்  |9 117114 
942 |c REF 
999 |c 71187  |d 71187